000 00612nam a22002177a 4500
999 _c18772
_d18772
001 12356502
003 OSt
005 20201102110605.0
008 010323s2001 tnu b 000 1 eng
010 _a 2001026120
020 _a0849942845 (pbk.)
040 _aMMU
_cMMU
_dMMU
_beng
050 0 0 _aPS3558.U467
_bN68 2001
082 0 0 _a813/.54
_221
100 1 _aHunt, Angela Elwell,
_d1957-
245 1 4 _aThe note :
_ba story of second chances /
_cAngela Hunt.
260 _aNashville :
_bWord,
_cc2001.
300 _a301 p. :
_c22 cm.
500 _aIncludes bibliographical references.
942 _2lcc
_cLOAN LOAN